|
|
|
|
| LEADER |
00833nam a2200217 i 4500 |
| 001 |
publ35314 |
| 005 |
20241212095851.0 |
| 008 |
241212s2021 hu o 000 eng d |
| 020 |
|
|
|a 9781789247985
|
| 024 |
7 |
|
|a 10.1079/9781789247985.0000
|2 doi
|
| 024 |
7 |
|
|a 32538447
|2 mtmt
|
| 040 |
|
|
|a SZTE Publicatio Repozitórium
|b hun
|
| 041 |
|
|
|a eng
|
| 100 |
1 |
|
|a Ingram Linda J.
|
| 245 |
1 |
0 |
|a Women, leisure and tourism
|h [elektronikus dokumentum] :
|b Self-actualization and empowerment through the production and consumption of experience /
|c Ingram Linda J.
|
| 260 |
|
|
|a CABI
|b Boston (MA); Wallingford
|c 2021
|
| 300 |
|
|
|a 201
|
| 650 |
|
4 |
|a Szociológia
|
| 700 |
0 |
1 |
|a Tarkó Klára
|e aut
|
| 700 |
0 |
1 |
|a Slocum Susan L.
|e aut
|
| 856 |
4 |
0 |
|u http://publicatio.bibl.u-szeged.hu/35314/1/WomenLeisuretourism-IngramTarkoSlocum-teljeskonyv.pdf
|z Dokumentum-elérés
|